LEADER 01452nam a22003014a 4500 001 991004099559707536 008 090113s2005 it b 000 0 ita 020 $a8884908248 035 $ab13800929-39ule_inst 040 $aDip.to Studi Giuridici$bita 082 0 $a322.409 100 1 $aFolena, Pietro,$d1957-$0559554 245 10$aSenza aggettivi :$bsinistra, movimenti, democrazia, pace, lavoro, beni comuni, sentieri della nuova politica /$cPietro Folena, Alessandro Genovesi, Paolo Nerozzi ; prefazione di Luciana Castellina 260 $aMilano :$bBaldini Castoldi Dalai,$c2005 300 $a286 p. ;$c21 cm. 440 2$aI saggi ;$v289 504 $aContiene bibliografia (p. 285-286) 650 4$aPartiti di sinistra$zItalia$y2001-2004 650 4$aDestra e Sinistra$xMovimenti politici$zItalia$y2001-2004 700 1 $aGenovesi, Alessandro$eauthor$4http://id.loc.gov/vocabulary/relators/aut$0739542 700 1 $aNerozzi, Paolo$eauthor$4http://id.loc.gov/vocabulary/relators/aut$0503702 907 $a.b13800929$b09-09-16$c13-01-09 912 $a991004099559707536 945 $aLE027 322.40 FOL01.01$cC. 1$g1$i2027000216093$lle027$og$pE14.00$q-$rl$s- $t0$u0$v0$w0$x0$y.i14915340$z14-01-09 945 $aLE027 322.40 FOL01.01$cC. 2$g1$i2027000335565$lle027$og$pE14.00$q-$rl$s- $t0$u0$v0$w0$x0$y.i15780119$z09-09-16 996 $aSenza aggettivi$91464979 997 $aUNISALENTO 998 $ale027$b13-01-09$cm$da $e-$fita$git $h0$i0 LEADER 02298oas 2200805 a 450 001 9910144720703321 005 20251105213014.0 011 $a1526-5528 035 $a(OCoLC)42287264 035 $a(CONSER)sn 99004655 035 $a(CKB)954925609903 035 $a(EXLCZ)99954925609903 100 $a19990903a19969999 sy a 101 0 $aeng 135 $aurcnu|||||||| 181 $ctxt$2rdacontent 182 $cc$2rdamedia 183 $acr$2rdacarrier 200 10$aINFORMS journal on computing 210 $a[Linthicum, Md.] $cINFORMS$d1996- 215 $a1 online resource 300 $aRefereed/Peer-reviewed 311 1 $a1091-9856 517 1 $aJOC 517 3 $aJournal on computing 531 0 $aINFORMS j. comput. 606 $aOperations research$xData processing$vPeriodicals 606 $aRecherche ope?rationnelle$xInformatique$vPe?riodiques 606 $aOperations research$xData processing$2fast$3(OCoLC)fst01046391 606 $aComputers$2gtt 606 $aAlgoritmen$2gtt 606 $aInformatique applique?e$2rasuqam 606 $aRecherche ope?rationnelle$2rasuqam 608 $aRevistes electro?niques. 608 $aPeriodicals.$2fast 608 $aPeriodicals.$2lcgft 608 $aPe?riodique e?lectronique (Descripteur de forme)$2rasuqam 608 $aRessource Internet (Descripteur de forme)$2rasuqam 615 0$aOperations research$xData processing 615 6$aRecherche ope?rationnelle$xInformatique 615 7$aOperations research$xData processing. 615 17$aComputers. 615 17$aAlgoritmen. 615 7$aInformatique applique?e. 615 17$aRecherche ope?rationnelle. 676 $a005 712 02$aInstitute for Operations Research and the Management Sciences, 801 0$bNSD 801 1$bNSD 801 2$bOCLCQ 801 2$bBOS 801 2$bOCLCQ 801 2$bBUF 801 2$bOCLCF 801 2$bOCLCO 801 2$bOCLCQ 801 2$bAU@ 801 2$bVT2 801 2$bBWN 801 2$bDYJ 801 2$bOCLCQ 801 2$bIOY 801 2$bUBY 801 2$bGZM 801 2$bOCLCL 801 2$bOCLCQ 906 $aJOURNAL 912 $a9910144720703321 996 $aINFORMS journal on computing$92252756 997 $aUNINA